Özvegy Kispéter Imréné született Erdélyi Rozália
Elmentve itt :
| Dokumentumtípus: | Cikk |
|---|---|
| Megjelent: |
1941-03-05
|
| Sorozat: | Délmagyarország
17 No. 53 |
| Kulcsszavak: | Kispéter Imréné Erdélyi Rozália, Gyászjelentés |
| Online Access: | http://dmarchiv.bibl.u-szeged.hu/41346 |
| LEADER | 00463nab a2200145 i 4500 | ||
|---|---|---|---|
| 001 | delm41346 | ||
| 005 | 20180927130017.0 | ||
| 008 | 180927s1941 hu o 0|| hun d | ||
| 040 | |a SZTE Délmagyarország Archívum |b hun | ||
| 041 | |a hun | ||
| 245 | 0 | 0 | |a Özvegy Kispéter Imréné született Erdélyi Rozália |h [elektronikus dokumentum] |
| 260 | |c 1941-03-05 | ||
| 300 | |a 2 | ||
| 490 | 0 | |a Délmagyarország |v 17 No. 53 | |
| 695 | |a Kispéter Imréné Erdélyi Rozália, Gyászjelentés | ||